| 000 | 01065nam a2200289 i 4500 | ||
|---|---|---|---|
| 001 | bg | ||
| 003 | BPK | ||
| 005 | 20200722082510.0 | ||
| 008 | 981104s1998 pl a |000 0 pol | ||
| 015 | _aPB 1998/16192 | ||
| 020 | _a8370113311 | ||
| 040 |
_aWA N _cBPK |
||
| 041 | 0 | _apol | |
| 080 | _a330.322.5 | ||
| 080 | _a 005.336.1 | ||
| 245 | 0 | 0 |
_aOcena efektywności przedsięwzięć gospodarczych / _cpod red. Edwarda Nowaka ; aut. oprac. Edward Nowak [et al.]. |
| 260 |
_aWrocław : _bWydaw. Akademii Ekonomicznej im. Oskara Langego, _c1998. |
||
| 300 |
_a149, [1] s. : _bwykr. ; _c24 cm. |
||
| 504 | _aBibliogr. s. 148-[150]. | ||
| 650 | 4 |
_aInwestycje _xekonomika _xbadanie. |
|
| 650 | 4 | _aEfektywność ekonomiczna | |
| 650 | 4 | _aRyzyko inwestycyjne | |
| 700 | 1 |
_aNowak, Edward _d(1951- ) _eRedakcja |
|
| 710 | 2 |
_aAkademia Ekonomiczna im. Oskara Langego (Wrocław) _bWydawnictwo. _4pbl. |
|
| 942 |
_2UKD _cKS |
||
| 856 |
_uhttp://koha.tu.koszalin.pl/cgi-bin/koha/opac-detail.pl?biblionumber=33910 _yKatalog online BPK |
||
| 999 |
_c33910 _d33910 |
||